| 000 | 04861nam a22005417a 4500 | ||
|---|---|---|---|
| 005 | 20080927141911.0 | ||
| 008 | 080927t xxu||||| |||| 00| f eng d | ||
| 010 | _aB-310006-025 | ||
| 020 |
_a9781853267338 _c125.00 |
||
| 035 | _aB-310006-025 | ||
| 035 | _aB-357675 | ||
| 037 | _bSuper (Vendor) | ||
| 040 |
_adpl _bEnglish |
||
| 082 | _aN | ||
| 100 | _aDumas, Alexandre | ||
| 240 |
_aComte de Monte-Cristo. _lEnglish |
||
| 245 |
_aThe Count of Monte Cristo / _cby Alexandre Dumas |
||
| 260 |
_aHertfordshire _bWordworth Editions _c2002 |
||
| 270 |
_a8B East Street, Ware _bHertfordshire _eSG 12 9HJ |
||
| 300 |
_axxii, 894p. _c22cm(pbk) |
||
| 651 |
_aFrance _xHistory _y19th century _xFiction. |
||
| 655 |
_aHistorical fiction. _2gsafd |
||
| 655 |
_aAdventure stories. _2gsafd |
||
| 942 |
_2ddc _cEN _hN _mDUM |
||
| 999 |
_c15841 _d15841 |
||